| 000 | 00944nam a22002177i 4500 | ||
|---|---|---|---|
| 999 |
_c23137 _d23137 |
||
| 003 | AR-CdUCM | ||
| 008 | 241115b20132013 pe||||| |||| 00| 0 spa d | ||
| 040 |
_aMUNICIPALIDAD PROVINCIAL DEL CUSCO _cBIBLIOTECA MUNICIPAL DEL CUSCO |
||
| 041 | _hspa | ||
| 082 |
_a869.56 / A65 _bA65 |
||
| 100 |
_aArdiles Poma, Violeta _950836 |
||
| 245 | _aPoesía, Qué sería de mí sin ti / | ||
| 260 |
_aPerú : _bINVERSIONES AMAUTA S.R.L. _c2013 |
||
| 300 |
_a152 páginas. : _c21 cm. |
||
| 505 | _aRio santa -- Callejón de Huaylas -- Palomita de otros lares -- Flor de cactus -- A mi Pampas grande -- Cordillera de los andes -- La papa y el cuy -- América jardín -- Eucalipto amigo -- Árbol amigo -- Bendícelo señor -- Mi ruego por los médicos -- Te fuiste maestro -- Minero -- Gracias maestro | ||
| 650 |
_aPoesía _950837 |
||
| 650 |
_a Naturaleza _94241 |
||
| 650 |
_aVivencia _950838 |
||
| 942 |
_2ddc _cLIBROS |
||
| 945 |
_apbj _d15-11-2024 |
||